Personnages de fiction par silhouette - 2 - Statistiques

Statistiques générales
  • Ce quiz a été pris 1 706 fois
  • Le résultat moyen est 13 sur 20
Statistiques - réponses
Par images Réponse % Correct
Bob l'éponge
99%
Titeuf
98%
Hello Kitty
95%
Shrek
95%
Groot
93%
Gargamel
91%
Jack Sparrow
88%
Flash McQueen
87%
Donkey Kong
84%
Spirou
77%
Phinéas
72%
Timon
70%
Cartman
51%
Sailor Moon
44%
Spock
42%
Ratchet
36%
Demogorgon
32%
Grogu
30%
Quickos
16%
Kyoka Jiro
8%
Aucun quiz correspondant
Distribution des résultats
% des personnes avec chaque résultat
Percentile par nombre de réponses
Votre historique - résultats
Vous n’avez pas pris ce quiz